Opus aureum utriusque iuris luminis domini baldi de perusia super feudis. (Registro nro. 166307)
[ vista simple ]
| 000 -ENCABEZADO | |
|---|---|
| Número de control [NR] | 02094nam a22003137a 4500 |
| 005 - FECHA Y HORA DE LA ÚLTIMA TRANSACCIÓN | |
| control field | 20180416152231.0 |
| 008 - DE LONGITUD FIJA DE DATOS DE ELEMENTOS - INFORMACIÓN GENERAL | |
| Elementos de longitud fija [NR] | 130419s1516 it |||fr|||| 001 0 lat d |
| 040 ## - FUENTE DE CATALOGACION [NR] | |
| Quien Cataloga | Sandra Yazo |
| Quien Clasifica | Sandra Yazo |
| 041 0# - CODIGO DE IDIOMA [R] | |
| Código de idioma para texto/pista de sonido o título separado [R] | Latín |
| 082 04 - NUMERO DE CLASIFICACION DECIMAL DEWEY [R] | |
| Número de la edición [NR] | 20 |
| Número de clasificación [R] | 340.55 |
| 092 ## - SIGNATURA TOPOGRAFICA LOCAL | |
| Número de clasificación local | E25N065 |
| 100 1# - ASIENTO PRINCIPAL--NOMBRE PERSONAL [NR] | |
| Nombre personal [NR] | Ubaldi, Baldo degli |
| Fechas asociadas con el nombre [NR] | 1327?-1400 |
| ID Autoridad | 36059 |
| 242 00 - TRADUCCION DEL TITULO POR LA AGENCIA CATALOGADORA [R] | |
| Título [NR] | Obra dorada sobre los feudos, de la luminaria de Ambos Derechos, Baldo de Perusa. |
| Parte restante del título [NR] | Con las adiciones del muy sabio D. Andrés Barbacia y de otros ilustres doctores. |
| Código de idioma del título traducido [NR] | spa |
| 245 10 - MENCION DE TITULO [NR] | |
| Título [NR] | Opus aureum utriusque iuris luminis domini baldi de perusia super feudis. |
| Parte restante del título [NR] | Cum additionibus doctissimi domini Andree barbacia. necnon aliorum clarissimimorum doctorum ... |
| 260 ## - PUBLICACION, DISTRIBUCION, ETC. (PIE DE IMPRENTA) [R] | |
| Lugar de publicación, distribución, etc. [R] | Venetiis [Venecia] (Italia) |
| Nombre del editor, distribuidor, etc. [R] | A Philippo pincio Mantuano [impreso por el mantuano Felipe de Pinciis] |
| Fecha de publicación, distribución, etc. [R] | 1516 |
| 300 ## - DESCRIPCION FISICA [R] | |
| Extensión [R] | 90, [9] folios |
| Dimensiones [R] | 43 x 29 cm. |
| 500 ## - NOTA GENERAL [R] | |
| Nota general [NR] | Encabezamiento al inicio de la obra. Texto impreso en dos columnas, con caracteres góticos, ocasionalmente comentarios enmarcando el texto o con apostillas marginales. Párrafos identificados con letras minúsculas. Mayúsculas capitales de calidad. Márgenes amplios. Varios subrayados y anotaciones manuscritas. Signaturas. Folios numerados con caracteres arábigos. Colofón y registro de cuadernillos al verso del último folio marcado. Papel con notorio deterioro por humedad que afecta el corte vertical del libro, algunas manchas de hongos. Perteneció a la biblioteca de Fray Cristóbal de Torres. |
| 506 ## - NOTA DE RESTRICCIONES DE ACCESO [R] | |
| Condiciones de acceso [NR] | Consulta en sala |
| 520 ## - NOTA DE RESUMEN, ETC. [R] | |
| Nota de sumario, etc. [NR] | Tratado de Baldo de Ubaldis sobre los Feudos con apostillas y explicaciones de Andrés Barbacia |
| 546 ## - NOTA DE IDIOMA [R] | |
| Nota de idioma [NR] | Texto en latín |
| 650 #7 - ASIENTO SECUNDARIO DE MATERIA - TERMINO TEMATICO [R] | |
| Término temático o nombre geográfico como elemento de entrada [NR] | Derecho feudal |
| Subdivisión general [R] | Obras anteiores a 1800 |
| 9 (RLIN) | 12767 |
| 650 #7 - ASIENTO SECUNDARIO DE MATERIA - TERMINO TEMATICO [R] | |
| Término temático o nombre geográfico como elemento de entrada [NR] | Feudos |
| Subdivisión general [R] | Derecho civil |
| 9 (RLIN) | 15668 |
| 650 #7 - ASIENTO SECUNDARIO DE MATERIA - TERMINO TEMATICO [R] | |
| Término temático o nombre geográfico como elemento de entrada [NR] | Derecho eclesiástico |
| Subdivisión general [R] | Obras anteriores a 1800 |
| 9 (RLIN) | 29561 |
| 653 ## - TERMINO DE INDIZACION - NO CONTROLADO [R] | |
| Término de indización no controlado [R] | Ambos derechos |
| 690 ## - ASUNTO AGREGADO LOCAL DE ENTRADA - TÉRMINO TEMÁTICO (OCLC, RLIN) | |
| Acceso temático local | Derecho civil |
| 9 (RLIN) | 12711 |
| 700 1# - ASIENTO SECUNDARIO - NOMBRE PERSONAL [R] | |
| Nombre personal [NR] | Barbazza, Andrea |
| Fechas asociadas con el nombre [NR] | ca. 1410-1480 |
| 9 (RLIN) | 36060 |
| 856 41 - LOCALIZACION Y ACCESO ELECTRONICOS [R] | |
| Identificador Uniforme del Recurso (“URI”) [R] | <a href="http://repository.urosario.edu.co/handle/10336/17913">http://repository.urosario.edu.co/handle/10336/17913</a> |
| Nota dirigida al público [R] | Disponible en línea |
| 942 ## - ELEMENTOS DE ENTRADA AGREGADOS (KOHA) | |
| Tipo de ítem principal el descrito en 300a | Libro |
| Edición | 1 |
| Sistema de clasificación | LOCAL |
| Clasificación | E25N065 |
| Suprimido | Perdido | Sistema de clasificación | Dañado | No prestable | Tipo de ítem específico | Ubicación habitual | Ubicación actual | Localización | Fecha de creación | Forma de adquisición | Costo | Total préstamos | Signatura topográfica | Código de barras | Última vez visto | Ejemplar | Price effective from | Tipo de ítem |
|---|---|---|---|---|---|---|---|---|---|---|---|---|---|---|---|---|---|---|
| LOCAL | Libro archivo | Archivo Histórico | Archivo Histórico | Archivo histórico | 19/04/2013 | Donación | 0.00 | E25N065 | L003730 | 19/04/2013 | Ej.1 | 19/04/2013 | Libro |